[Event "Tradewise Gibraltar"]
[Site "Catalan Bay GIB"]
[Date "2012.01.31"]
[EventDate "2012.01.24"]
[Round "8.37"]
[Result "1-0"]
[White "Antoaneta Stefanova"]
[Black "Gudmundur Gislason"]
[WhiteElo "2523"]
[BlackElo "2332"]
[PlyCount "69"]

1. d4 Nf6 2. Nf3 g6 3. g3 Bg7 4. Bg2 O-O 5. O-O d5 6. Be3 c6
7. Qc1 Re8 8. Bh6 Nbd7 9. Bxg7 Kxg7 10. c4 dxc4 11. Qxc4 Nb6
12. Qc1 Bg4 13. Rd1 Qd6 14. Nbd2 Rad8 15. Qc2 Qe6 16. Re1 Rd5
17. e4 Rh5 18. h4 h6 19. Nh2 Bh3 20. Bf3 Rb5 21. Nb3 Rb4
22. Qd2 Rb5 23. Nc5 Qc4 24. b3 Qb4 25. Qe3 e5 26. dxe5 Qxc5
27. exf6+ Kh7 28. g4 h5 29. g5 Qe5 30. Bxh5 gxh5 31. Qxh3 Qf4
32. Nf1 a5 33. Ng3 Kg6 34. Re3 a4 35. Ne2 1-0

[Event "Tradewise Gibraltar"]
[Site "Catalan Bay GIB"]
[Date "2012.02.01"]
[EventDate "2012.01.24"]
[Round "9.30"]
[Result "0-1"]
[White "Gary Quillan"]
[Black "Antoaneta Stefanova"]
[WhiteElo "2409"]
[BlackElo "2523"]
[PlyCount "46"]

1. e4 e5 2. Nf3 Nc6 3. Bb5 Bc5 4. O-O Qf6 5. Nc3 Nge7 6. Nd5
Qd6 7. b4 Nxb4 8. Nxe7 Qxe7 9. c3 Nc6 10. d4 Bd6 11. Qb3 h6
12. g3 Qf6 13. Nh4 exd4 14. f4 Bc5 15. e5 dxc3+ 16. Kg2 Qe6
17. Bc4 d5 18. exd6 Qe4+ 19. Nf3 O-O 20. Re1 Qxf3+ 21. Kxf3
Nd4+ 22. Kg2 Nxb3 23. axb3 Bxd6 0-1

[Event "ACP Women Cup Rapid"]
[Site "Tbilisi GEO"]
[Date "2012.02.18"]
[EventDate "2012.02.18"]
[Round "1.4"]
[Result "0-1"]
[White "Viktorija Cmilyte"]
[Black "Antoaneta Stefanova"]
[WhiteElo "2503"]
[BlackElo "2523"]
[PlyCount "116"]

1. d4 d5 2. c4 c6 3. Nf3 Nf6 4. Nc3 a6 5. e3 e6 6. b3 Bb4
7. Bd2 Nbd7 8. Bd3 O-O 9. O-O Qe7 10. Qc2 dxc4 11. bxc4 e5
12. Ne2 a5 13. Ng3 Re8 14. Nf5 Qf8 15. dxe5 Nxe5 16. Nxe5 Rxe5
17. Bc1 g6 18. Ng3 Re6 19. a3 Bd6 20. f4 Qh6 21. h3 Bc5
22. Rf3 Bd7 23. f5 Rd6 24. fxg6 fxg6 25. Bd2 Rd8 26. Raf1 Bxh3
27. gxh3 Rxd3 28. Bxa5 Bxe3+ 29. Kg2 b6 30. Be1 Nh5 31. Nxh5
Qxh5 32. Bc3 Qg5+ 33. Kh1 Qe7 34. Bb4 c5 35. Be1 Qe4 36. Qg2
Qxc4 37. Qh2 Bg5 38. Qe5 Rxf3 39. Rxf3 Qd5 40. Qxd5+ Rxd5
41. Kg2 Bd2 42. Bf2 Rd6 43. Rb3 Bf4 44. a4 Rc6 45. Kf3 Bc7
46. Ke4 Kf7 47. Kd5 Rd6+ 48. Kc4 Rf6 49. Bg1 Rf1 50. Be3 Rf3
51. Rd3 Ke6 52. h4 Bf4 53. a5 Rxe3 54. Rxe3+ Bxe3 55. a6 b5+
56. Kd3 Bg1 57. h5 c4+ 58. Ke4 gxh5 0-1

[Event "ACP Women Cup Rapid"]
[Site "Tbilisi GEO"]
[Date "2012.02.18"]
[EventDate "2012.02.18"]
[Round "2.3"]
[Result "0-1"]
[White "Antoaneta Stefanova"]
[Black "Kateryna Lahno"]
[WhiteElo "2523"]
[BlackElo "2557"]
[PlyCount "90"]

1. d4 Nf6 2. Nf3 g6 3. g3 Bg7 4. Bg2 d5 5. O-O c6 6. Be3 O-O
7. Qc1 Bf5 8. h3 Qb6 9. Nbd2 Ne4 10. c3 Nd7 11. Nh4 Nxd2
12. Qxd2 Be6 13. b3 Nf6 14. Kh2 Qa5 15. f3 Nh5 16. g4 Qc7+
17. f4 Nf6 18. Qd3 Rad8 19. Kg1 Ne4 20. f5 Qg3 21. fxe6 Qxh4
22. Rxf7 Rxf7 23. exf7+ Kxf7 24. c4 e6 25. cxd5 exd5 26. b4 a6
27. a4 Re8 28. b5 axb5 29. axb5 Qe7 30. bxc6 bxc6 31. Bf4 Kg8
32. e3 g5 33. Bh2 Nc5 34. Qa3 Nd7 35. Qxe7 Rxe7 36. Ra3 Nb6
37. Kf2 Nc4 38. Ra8+ Kf7 39. Rc8 Nxe3 40. Bd6 Re6 41. Rxc6
Bxd4 42. Kf3 Nxg2 43. Kxg2 Kg6 44. Ra6 Be5 45. Bxe5 Rxa6 0-1

[Event "ACP Women Cup Rapid"]
[Site "Tbilisi GEO"]
[Date "2012.02.19"]
[EventDate "2012.02.18"]
[Round "3.5"]
[Result "1-0"]
[White "Tatiana Kosintseva"]
[Black "Antoaneta Stefanova"]
[WhiteElo "2513"]
[BlackElo "2523"]
[PlyCount "68"]

1. e4 c6 2. d4 d5 3. e5 Bf5 4. Nf3 e6 5. Be2 Nd7 6. O-O Bg6
7. Nbd2 Nh6 8. Nb3 Nf5 9. a4 Rc8 10. a5 a6 11. Bd2 c5 12. dxc5
Nxc5 13. Nxc5 Bxc5 14. b4 Ba7 15. b5 axb5 16. Bxb5+ Kf8
17. Bd3 Kg8 18. Qb1 Rb8 19. Qb4 h6 20. Qf4 Bc5 21. Rab1 Ne7
22. Rb5 Bxd3 23. cxd3 Ng6 24. Qa4 Ba7 25. Rfb1 Qc7 26. d4 Kh7
27. Qb3 Qe7 28. Bb4 Qd8 29. Bd6 Ra8 30. Rxb7 Qxa5 31. Rxf7
Rhc8 32. h4 Nh8 33. Rb7 Qa6 34. Qe3 Kg8 1-0

[Event "ACP Women Cup Rapid"]
[Site "Tbilisi GEO"]
[Date "2012.02.19"]
[EventDate "2012.02.18"]
[Round "4.2"]
[Result "0-1"]
[White "Antoaneta Stefanova"]
[Black "Pia Cramling"]
[WhiteElo "2523"]
[BlackElo "2491"]
[PlyCount "114"]

1. d4 e6 2. c4 Nf6 3. Nf3 b6 4. g3 Bb4+ 5. Nbd2 Bb7 6. Bg2 c5
7. dxc5 Bxc5 8. O-O O-O 9. a3 Be7 10. b4 d6 11. Bb2 Qc7
12. Re1 Nbd7 13. e4 a6 14. Nd4 Rac8 15. Qb3 Rfe8 16. h3 Qb8
17. f4 Bf8 18. N4f3 e5 19. f5 b5 20. Bf1 Bc6 21. Rac1 Qb7
22. cxb5 axb5 23. Qd3 Qb8 24. Kh2 Nb6 25. Qb3 Qb7 26. Bd3 h6
27. g4 d5 28. g5 Nxe4 29. gxh6 Nxd2 30. Nxd2 e4 31. Be2 Qb8+
32. Kg2 Nc4 33. Nxc4 dxc4 34. Qe3 Qd6 35. Rcd1 Qxh6 36. Qxh6
gxh6 37. Bd4 Rcd8 38. Kf2 Kh7 39. Rg1 e3+ 40. Bxe3 Bg7 41. Bh5
Rxd1 42. Rxd1 Re5 43. f6 Bxf6 44. Bxf7 Bh4+ 45. Ke2 Bg5
46. Rd6 Rxe3+ 47. Kf2 Rf3+ 48. Ke2 Rxf7 49. Rxc6 Ra7 50. Rc5
Rxa3 51. Rxb5 Rxh3 52. Rc5 c3 53. b5 Bf6 54. b6 Rh2+ 55. Kd3
Rb2 56. Rc6 Kg6 57. Ke4 h5 0-1

[Event "ACP Women Cup Rapid"]
[Site "Tbilisi GEO"]
[Date "2012.02.19"]
[EventDate "2012.02.18"]
[Round "5.6"]
[Result "1/2-1/2"]
[White "Alexandra Kosteniuk"]
[Black "Antoaneta Stefanova"]
[WhiteElo "2448"]
[BlackElo "2523"]
[PlyCount "135"]

1. e4 c6 2. Nc3 d5 3. Nf3 Bg4 4. d4 e6 5. Be2 Nf6 6. h3 Bh5
7. e5 Nfd7 8. g4 Bg6 9. h4 h5 10. gxh5 Bxh5 11. Ng5 Bxe2
12. Qxe2 Bb4 13. Qg4 Qe7 14. Nf3 f5 15. Qg6+ Qf7 16. Qg3 c5
17. Bd2 Bxc3 18. Bxc3 Nc6 19. O-O-O O-O-O 20. Qf4 Rh5 21. Rhg1
Rdh8 22. Rg3 Qe7 23. Rdg1 Rxh4 24. Nxh4 Rxh4 25. Qf3 cxd4
26. Rxg7 Qc5 27. Bd2 Ncxe5 28. Rg8+ Kc7 29. Bf4 d3 30. c3 d4
31. R1g7 Rxf4 32. Rxd7+ Nxd7 33. Qxf4+ e5 34. Qg5 Qd5 35. Qd8+
Kc6 36. a4 d2+ 37. Kxd2 dxc3+ 38. Kxc3 Qd4+ 39. Kc2 Qxa4+
40. Kd2 Qd4+ 41. Ke1 Qe4+ 42. Kf1 Qh1+ 43. Rg1 Qh3+ 44. Ke2
Qh5+ 45. Kd2 Nc5 46. Qf6+ Kd5 47. Qd8+ Kc6 48. Qc8+ Kb5
49. Re1 Qf3 50. Qe8+ Kb4 51. Qe7 Qxf2+ 52. Re2 Qd4+ 53. Ke1 e4
54. Rc2 Qg1+ 55. Kd2 Qd4+ 56. Kc1 f4 57. Kb1 Qd1+ 58. Rc1 Qd3+
59. Ka1 b6 60. Rc3 Qa6+ 61. Kb1 Qf1+ 62. Ka2 Qa6+ 63. Kb1 e3
64. Qd6 Qf1+ 65. Ka2 Qa6+ 66. Kb1 Qf1+ 67. Ka2 Qa6+ 68. Kb1
1/2-1/2

[Event "ACP Women Cup Rapid"]
[Site "Tbilisi GEO"]
[Date "2012.02.20"]
[EventDate "2012.02.18"]
[Round "6.1"]
[Result "1-0"]
[White "Nana Dzagnidze"]
[Black "Antoaneta Stefanova"]
[WhiteElo "2535"]
[BlackElo "2523"]
[PlyCount "135"]

1. Nf3 d5 2. g3 c6 3. Bg2 Bg4 4. O-O Nd7 5. d3 Ngf6 6. Nbd2 e5
7. e4 dxe4 8. dxe4 Bc5 9. h3 Bh5 10. Qe1 O-O 11. Nc4 Re8
12. a4 a5 13. Bd2 b6 14. Nh4 Qc7 15. Bg5 Bb4 16. c3 Bf8
17. Qd2 Re6 18. Qc2 Nc5 19. g4 Bg6 20. Nf5 Nfd7 21. Rfd1 Ree8
22. Be3 Rab8 23. b4 axb4 24. cxb4 Ne6 25. a5 bxa5 26. bxa5 c5
27. Ncd6 Red8 28. a6 Nb6 29. Nb5 Qc6 30. Bf1 Rxd1 31. Rxd1 Ra8
32. Nbd6 Bxf5 33. exf5 Nd4 34. Bxd4 exd4 35. Nb5 Qd7 36. a7
Nd5 37. Qe4 Re8 38. Qf3 Nb6 39. Ra1 c4 40. Nxd4 Qxd4 41. a8=Q
Nxa8 42. Rxa8 Rxa8 43. Qxa8 Qc5 44. Qa2 c3 45. Bc4 Qc7 46. Qb3
h5 47. Qxc3 hxg4 48. hxg4 Qf4 49. Be2 Bd6 50. Bf3 Qh2+ 51. Kf1
Qe5 52. Qc8+ Kh7 53. Qc4 Qf4 54. Qd3 Qc1+ 55. Kg2 Qf4 56. Qd5
Kg8 57. Qd1 Qh2+ 58. Kf1 Qe5 59. Bd5 Bc5 60. Qb3 Qc7 61. Kg2
Qa7 62. Qf3 Qc7 63. Bb3 Qe7 64. Qd5 Ba7 65. Kf1 Qc7 66. Bc4
Kf8 67. g5 Qe7 68. Qa8+ 1-0

[Event "ACP Women Cup Rapid"]
[Site "Tbilisi GEO"]
[Date "2012.02.20"]
[EventDate "2012.02.18"]
[Round "7.6"]
[Result "1-0"]
[White "Antoaneta Stefanova"]
[Black "Maia Chiburdanidze"]
[WhiteElo "2523"]
[BlackElo "2500"]
[PlyCount "87"]

1. d4 e6 2. Nf3 f5 3. g3 Nf6 4. Bg2 d5 5. O-O c6 6. b3 Bd6
7. c4 b6 8. Ba3 Bxa3 9. Nxa3 Qe7 10. Nc2 Nbd7 11. Nce1 O-O
12. Nd3 Bb7 13. Qd2 Rac8 14. Nfe5 Nxe5 15. Nxe5 Rfd8 16. cxd5
cxd5 17. Rfc1 Qd6 18. Nd3 Rxc1+ 19. Rxc1 Rc8 20. Rxc8+ Bxc8
21. Qc1 Bb7 22. Bf1 Ba6 23. Ne5 Bb7 24. e3 Nd7 25. Nd3 Kf7
26. h4 Ke7 27. Qd1 Nf6 28. Ne5 Qc7 29. Qd2 Ne4 30. Qb4+ Qd6
31. Qa4 a5 32. b4 Nc3 33. Qc2 Qxb4 34. Ba6 Ba8 35. Kg2 b5
36. g4 g6 37. h5 Kf6 38. hxg6 hxg6 39. Qc1 g5 40. Qh1 Kg7
41. Qh5 Qe7 42. Qg6+ Kf8 43. Bc8 Ne4 44. Nd7+ 1-0

[Event "ACP Women Cup Rapid"]
[Site "Tbilisi GEO"]
[Date "2012.02.20"]
[EventDate "2012.02.18"]
[Round "8.2"]
[Result "0-1"]
[White "Anna Zatonskih"]
[Black "Antoaneta Stefanova"]
[WhiteElo "2506"]
[BlackElo "2523"]
[PlyCount "133"]

1. d4 d5 2. c4 c6 3. Nf3 Nf6 4. Nc3 a6 5. e3 e6 6. b3 Bb4
7. Bd2 Nbd7 8. Bd3 O-O 9. O-O Qe7 10. Qc2 dxc4 11. bxc4 e5
12. Ne4 Bxd2 13. Nxf6+ Qxf6 14. Qxd2 exd4 15. exd4 Rd8
16. Rfe1 Nf8 17. Rab1 g6 18. Be4 Ne6 19. d5 Nc5 20. Bc2 cxd5
21. cxd5 b5 22. Rbd1 Bg4 23. Re3 Rac8 24. h3 Be6 25. d6 Nb7
26. Bb3 Rxd6 27. Rd3 Rxd3 28. Qxd3 Nc5 29. Qe3 Nxb3 30. axb3
Qc3 31. Nd4 Qxe3 32. fxe3 Rc3 33. Nxe6 fxe6 34. Kf2 a5 35. Ra1
Rxb3 36. Rxa5 Rb1 37. g4 b4 38. Kf3 b3 39. Rb5 Kf7 40. g5 Ke7
41. Ke4 Kd6 42. Rb7 b2 43. Rb8 Kc7 44. Rb3 Kd6 45. Rb8 Rg1
46. Rb6+ Ke7 47. Rb7+ Kd6 48. Rb6+ Kc5 49. Rxb2 Rxg5 50. Kf4
Rf5+ 51. Kg3 Kd5 52. Rb7 h5 53. Rb4 Ke5 54. h4 Rf1 55. Ra4 Kf5
56. Ra8 Ke4 57. Kg2 Rf6 58. Ra3 e5 59. Rb3 Rd6 60. Kf2 Rd2+
61. Kf1 Rh2 62. Kg1 Rh3 63. Kf2 Rf3+ 64. Ke2 Rg3 65. Kf2 Rg4
66. Rb6 Kf5 67. Kf3 0-1

[Event "ACP Women Cup Rapid"]
[Site "Tbilisi GEO"]
[Date "2012.02.21"]
[EventDate "2012.02.18"]
[Round "9.5"]
[Result "1-0"]
[White "Antoaneta Stefanova"]
[Black "Nadezhda Kosintseva"]
[WhiteElo "2523"]
[BlackElo "2537"]
[PlyCount "88"]

1. d4 Nf6 2. Nf3 d5 3. e3 e6 4. Bd3 Be7 5. b3 O-O 6. Bb2 b6
7. O-O Bb7 8. Nbd2 Nbd7 9. a4 c5 10. a5 Qc7 11. Ne5 Rac8
12. Ra4 bxa5 13. Nxd7 Nxd7 14. dxc5 Nxc5 15. Bxh7+ Kxh7
16. Qh5+ Kg8 17. Bxg7 f5 18. Qg6 Rf7 19. Bh6+ Kh8 20. Qxf7 Bd8
21. Qe8+ Kh7 22. Qh5 Kg8 23. Rxa5 Qf7 24. Qxf7+ Kxf7 25. Rxa7
Bb6 26. Ra2 e5 27. Bg5 Ne6 28. h4 Kg6 29. Nf3 Bc7 30. Ra7 Bc6
31. Rfa1 f4 32. R1a6 Bb8 33. Re7 Kf5 34. Rf7+ Kg4 35. Nh2+ Kh5
36. Rh7+ Kg6 37. Rh6+ Kf5 38. Rf6+ Ke4 39. Rxe6 Bb5 40. Ra2
fxe3 41. Bxe3 d4 42. Bg5 Kd5 43. Rb6 Kc5 44. Rg6 e4 1-0

[Event "ACP Women Cup Rapid"]
[Site "Tbilisi GEO"]
[Date "2012.02.21"]
[EventDate "2012.02.18"]
[Round "10.3"]
[Result "1/2-1/2"]
[White "Anna Muzychuk"]
[Black "Antoaneta Stefanova"]
[WhiteElo "2580"]
[BlackElo "2523"]
[PlyCount "49"]

1. e4 c6 2. d4 d5 3. Nc3 dxe4 4. Nxe4 Bf5 5. Ng3 Bg6 6. N1e2
Nf6 7. Nf4 Nbd7 8. h4 e5 9. Qe2 Bxc2 10. Qxc2 Bb4+ 11. Bd2
Bxd2+ 12. Qxd2 exf4 13. Qxf4 Qa5+ 14. Qd2 Qd5 15. Be2 O-O
16. O-O Ne5 17. Qg5 Ng6 18. Bf3 Qd8 19. Nf5 Nd5 20. Bxd5 cxd5
21. Qxd8 Rfxd8 22. Rac1 Rd7 23. Rfe1 Nf4 24. Rc3 g6 25. Nh6+
1/2-1/2

[Event "ACP Women Cup Rapid"]
[Site "Tbilisi GEO"]
[Date "2012.02.21"]
[EventDate "2012.02.18"]
[Round "11.4"]
[Result "0-1"]
[White "Antoaneta Stefanova"]
[Black "Zeinab Mamedjarova"]
[WhiteElo "2523"]
[BlackElo "2318"]
[PlyCount "106"]

1. d4 Nf6 2. Nf3 c5 3. e3 g6 4. dxc5 Qa5+ 5. Nbd2 Bg7 6. a3
Qxc5 7. b4 Qc7 8. Bb2 O-O 9. c4 b6 10. Be2 Bb7 11. O-O d6
12. Rc1 Nbd7 13. Nd4 Rac8 14. Bf3 Ne5 15. Bxb7 Qxb7 16. Qe2 a6
17. f4 Ned7 18. N4b3 Rc7 19. e4 e5 20. f5 Rfc8 21. a4 Nh5
22. Qd3 Nb8 23. b5 Bf8 24. g4 Ng7 25. Nf3 Ne8 26. Nfd2 Nd7
27. g5 Nc5 28. Nxc5 Rxc5 29. Qh3 Ng7 30. Rc3 axb5 31. axb5 Nh5
32. Rcf3 Qe7 33. Qh4 Ra8 34. Rh3 Ra2 35. Bc3 Rc2 36. Kh1 h6
37. fxg6 fxg6 38. Rg1 hxg5 39. Qf2 Rxc4 40. Rxh5 gxh5 41. Qf5
R4xc3 42. Rxg5+ Bg7 43. Rxh5 Rxd2 44. Qh7+ Kf8 45. Rf5+ Ke8
46. Qg6+ Kd8 47. Rf1 Rdc2 48. Rf7 Rxh2+ 49. Kxh2 Qh4+ 50. Kg2
Qh3+ 51. Kf2 Rc2+ 52. Ke1 Qc3+ 53. Kf1 Qa1# 0-1

[Event "European Individual Women's Championship"]
[Site "Gaziantep TUR"]
[Date "2012.03.02"]
[EventDate "2012.03.02"]
[Round "1"]
[Result "0-1"]
[White "Kubra Ozturk"]
[Black "Antoaneta Stefanova"]
[WhiteElo "2314"]
[BlackElo "2531"]
[PlyCount "84"]

1. d4 d5 2. c4 c6 3. Nf3 Nf6 4. Nc3 a6 5. a4 e6 6. Bg5 Nbd7
7. e3 Bb4 8. Qc2 Qa5 9. Bxf6 gxf6 10. cxd5 cxd5 11. Be2 f5
12. O-O Bd6 13. Rfc1 O-O 14. Nd2 Nf6 15. Nb3 Qc7 16. g3 Qe7
17. a5 Bd7 18. Na4 Rac8 19. Qd1 Bxa4 20. Rxa4 Rxc1 21. Nxc1
Rc8 22. Nd3 Ne4 23. Ra1 Rc6 24. Kg2 Kg7 25. f3 Nf6 26. Qd2 Rc4
27. Bd1 Bb4 28. Qe2 h5 29. Bb3 Rc8 30. Kh1 Bd6 31. Qd2 Rh8
32. Nf4 Bb4 33. Qc2 Qd8 34. Nd3 Bxa5 35. Nc5 Qb6 36. Nxb7 Qxb7
37. Rxa5 Qb4 38. Rxa6 Qe1+ 39. Kg2 Qxe3 40. Ra4 h4 41. gxh4
Rh6 42. Qc3 Qe2+ 0-1

[Event "European Individual Women's Championship"]
[Site "Gaziantep TUR"]
[Date "2012.03.03"]
[EventDate "2012.03.02"]
[Round "2"]
[Result "1-0"]
[White "Antoaneta Stefanova"]
[Black "Alina Kashlinskaya"]
[WhiteElo "2531"]
[BlackElo "2377"]
[PlyCount "77"]

1. d4 d5 2. Bf4 Nf6 3. e3 e6 4. Bd3 Bd6 5. Bg3 O-O 6. Nd2 c5
7. c3 Nc6 8. Ngf3 Qe7 9. Ne5 Nd7 10. Nxc6 bxc6 11. Qa4 Bb7
12. Bxd6 Qxd6 13. Qa3 Qe7 14. Nb3 Qg5 15. O-O c4 16. Na5 cxd3
17. Nxb7 Nb6 18. b3 e5 19. dxe5 Qxe5 20. Rac1 Nd7 21. Rfd1
Rab8 22. Na5 Qc7 23. Rxd3 Rb5 24. b4 Ne5 25. Rdd1 Ng4 26. g3
Re8 27. c4 dxc4 28. Rxc4 Ne5 29. Rc2 Qc8 30. f4 Nf3+ 31. Kg2
Nxh2 32. Kxh2 Rh5+ 33. Kg2 Qh3+ 34. Kf3 g5 35. Rg2 gxf4
36. exf4 Rg5 37. Rdd2 Rg6 38. Nc4 Qf5 39. Qd3 1-0

[Event "European Individual Women's Championship"]
[Site "Gaziantep TUR"]
[Date "2012.03.04"]
[EventDate "2012.03.02"]
[Round "3"]
[Result "1/2-1/2"]
[White "Salome Melia"]
[Black "Antoaneta Stefanova"]
[WhiteElo "2400"]
[BlackElo "2531"]
[PlyCount "81"]

1. e4 e5 2. Nf3 Nc6 3. Bb5 Bc5 4. O-O Qf6 5. d3 h6 6. Be3 Bb6
7. Nc3 Nge7 8. Bxb6 axb6 9. Re1 O-O 10. Nd5 Nxd5 11. exd5 Ne7
12. Nxe5 d6 13. Nd7 Bxd7 14. Bxd7 Nxd5 15. c3 c6 16. g3 b5
17. a3 Nb6 18. Bh3 d5 19. d4 Nc4 20. Qc2 Rfe8 21. Bf1 Nd6
22. Bd3 h5 23. h4 g6 24. Kg2 Re6 25. Rxe6 Qxe6 26. Qe2 Qxe2
27. Bxe2 Re8 28. Bd3 Kf8 29. Kf1 f5 30. Rd1 Kf7 31. Kg2 Kf6
32. Ra1 Nc4 33. Bxc4 bxc4 34. Kf3 Re4 35. a4 f4 36. a5 g5
37. hxg5+ Kxg5 38. a6 bxa6 39. Rxa6 fxg3 40. fxg3 Re6 41. Ra8
1/2-1/2

[Event "European Individual Women's Championship"]
[Site "Gaziantep TUR"]
[Date "2012.03.05"]
[EventDate "2012.03.02"]
[Round "4"]
[Result "1/2-1/2"]
[White "Cristina-Adela Foisor"]
[Black "Antoaneta Stefanova"]
[WhiteElo "2398"]
[BlackElo "2531"]
[PlyCount "48"]

1. c4 c6 2. e4 d5 3. exd5 cxd5 4. d4 Nf6 5. Nc3 g6 6. Bg5 Bg7
7. Bxf6 Bxf6 8. Nxd5 Bg7 9. Nf3 Nc6 10. Be2 O-O 11. O-O Bf5
12. Ne3 Nxd4 13. Nxd4 Qxd4 14. Nxf5 gxf5 15. Qxd4 Bxd4
16. Rab1 e5 17. Rfd1 Rfd8 18. Kf1 a5 19. Rd3 Kg7 20. Rg3+ Kf6
21. Rh3 Kg6 22. Rg3+ Kf6 23. Rh3 Kg6 24. Rg3+ Kf6 1/2-1/2

[Event "European Individual Women's Championship"]
[Site "Gaziantep TUR"]
[Date "2012.03.06"]
[EventDate "2012.03.02"]
[Round "5"]
[Result "1-0"]
[White "Antoaneta Stefanova"]
[Black "Meri Arabidze"]
[WhiteElo "2531"]
[BlackElo "2337"]
[PlyCount "103"]

1. d4 Nf6 2. Nf3 e6 3. e3 b6 4. Bd3 Bb7 5. O-O c5 6. c4 Be7
7. Nc3 cxd4 8. exd4 O-O 9. d5 h6 10. Bc2 Bb4 11. Nd4 Na6
12. Ncb5 Qb8 13. Qf3 Qe5 14. h3 Ne8 15. Bf4 Qf6 16. Qg3 Bc5
17. Be5 Qg5 18. Qd3 f5 19. a3 Be7 20. b4 Bf6 21. f4 Qg6
22. Rae1 Bxe5 23. Rxe5 Nac7 24. Qe2 Nxb5 25. Nxb5 exd5
26. cxd5 Ba6 27. Bd3 Nd6 28. Nxd6 Bxd3 29. Qxd3 Qxd6 30. Rxf5
a5 31. Rxf8+ Rxf8 32. Qe4 axb4 33. axb4 Qf6 34. Rf3 Rc8
35. Kh2 b5 36. Ra3 Rf8 37. Kg3 Qd6 38. Kf3 g5 39. g3 gxf4
40. gxf4 Qf6 41. Ra2 Qc3+ 42. Kg4 h5+ 43. Kh4 Qf6+ 44. Kxh5
Kg7 45. Rg2+ Kh8 46. Qe5 Kh7 47. Rg5 Qxe5 48. fxe5 Rf3 49. e6
dxe6 50. dxe6 Rxh3+ 51. Kg4 Rb3 52. Kf5 1-0

[Event "European Individual Women's Championship"]
[Site "Gaziantep TUR"]
[Date "2012.03.07"]
[EventDate "2012.03.02"]
[Round "6"]
[Result "0-1"]
[White "Antoaneta Stefanova"]
[Black "Valentina Gunina"]
[WhiteElo "2531"]
[BlackElo "2511"]
[PlyCount "154"]

1. d4 d5 2. c4 c6 3. cxd5 cxd5 4. Nc3 Nf6 5. Bf4 Nc6 6. e3 Bf5
7. Rc1 e6 8. Qb3 Bb4 9. Bb5 O-O 10. Bxc6 Bxc3+ 11. Rxc3 bxc6
12. f3 Nh5 13. Ne2 Nxf4 14. Nxf4 Rb8 15. Qa3 Rb5 16. Rxc6 Qb8
17. b3 e5 18. Ne2 Bd3 19. Qd6 Qe8 20. dxe5 d4 21. exd4 Qa8
22. Rc7 Rd5 23. Qe7 a5 24. e6 Rf5 25. Qd6 fxe6 26. Ng3 R5f6
27. Nh5 R6f7 28. Rxf7 Rxf7 29. Kd2 Bf5 30. Rc1 a4 31. b4 Qe8
32. Ng3 Rd7 33. Qf4 Bg6 34. Rc5 Qd8 35. Ke3 h6 36. Ne2 a3
37. Qe5 Bb1 38. Nc3 Bf5 39. g4 Bg6 40. Ne4 Kh7 41. g5 h5
42. h4 Qb6 43. Rb5 Qa6 44. Qb8 Rf7 45. Nd2 Qa4 46. Nb3 Rf8
47. Qb7 Rf7 48. Qb8 Rf8 49. Qb6 Qa8 50. Qb7 Qd8 51. Qc6 Be8
52. Qc2+ Bg6 53. Qc3 Qe7 54. Ke2 Rf4 55. Rb8 Rxh4 56. Qc8 Rh2+
57. Ke1 Bc2 58. Nd2 Rh1+ 59. Kf2 Rh2+ 60. Ke1 Rh1+ 61. Kf2
Rh2+ 62. Ke1 Bd3 63. f4 Qd6 64. Qg8+ Kg6 65. Nf3 Rh1+ 66. Kf2
Rf1+ 67. Kg2 Rxf3 68. Kxf3 Qd5+ 69. Kg3 h4+ 70. Kxh4 Qh1+
71. Kg3 Qe1+ 72. Kh3 Bf5+ 73. Kg2 Be4+ 74. Kh3 Qh1+ 75. Kg3
Qg2+ 76. Kh4 Qf2+ 77. Kh3 Bf5+ 0-1

[Event "European Individual Women's Championship"]
[Site "Gaziantep TUR"]
[Date "2012.03.09"]
[EventDate "2012.03.02"]
[Round "7"]
[Result "1/2-1/2"]
[White "Inna Gaponenko"]
[Black "Antoaneta Stefanova"]
[WhiteElo "2416"]
[BlackElo "2531"]
[PlyCount "90"]

1. e4 e5 2. Nf3 Nc6 3. Bb5 a6 4. Bxc6 dxc6 5. O-O f6 6. d4 Bg4
7. dxe5 Qxd1 8. Rxd1 fxe5 9. Nbd2 O-O-O 10. Re1 Re8 11. h3 Bh5
12. g4 Bf7 13. Ng5 Bg6 14. Ndf3 h6 15. Nh4 Bh5 16. gxh5 hxg5
17. Nf5 Rxh5 18. Kg2 Ne7 19. Nxe7+ Bxe7 20. Be3 c5 21. Rad1 c4
22. f3 Bd6 23. Rd5 Kd7 24. Bc5 Re6 25. Bxd6 Rxd6 26. Rxd6+
cxd6 27. c3 b5 28. a3 Rh8 29. Kg3 a5 30. Re2 b4 31. axb4 axb4
32. cxb4 d5 33. exd5 Kd6 34. Kg4 Rh4+ 35. Kxg5 Rxh3 36. Kg4
Rh8 37. Re3 Rc8 38. Kf5 Rf8+ 39. Kg6 Rb8 40. b3 Rxb4 41. bxc4
Rxc4 42. Kxg7 Kxd5 43. Kf6 Rf4+ 44. Kg5 Kd4 45. Ra3 Kd5
1/2-1/2

[Event "European Individual Women's Championship"]
[Site "Gaziantep TUR"]
[Date "2012.03.10"]
[EventDate "2012.03.02"]
[Round "8"]
[Result "1-0"]
[White "Antoaneta Stefanova"]
[Black "Olga Girya"]
[WhiteElo "2531"]
[BlackElo "2406"]
[PlyCount "93"]

1. d4 d5 2. Nf3 Nf6 3. c4 e6 4. Nc3 c5 5. cxd5 Nxd5 6. e3 Nc6
7. Bd3 Be7 8. O-O O-O 9. a3 Nxc3 10. bxc3 b6 11. Qe2 Bb7
12. Rd1 Qc7 13. e4 Na5 14. Rb1 Rfd8 15. a4 Rac8 16. Be3 Re8
17. h4 Rcd8 18. h5 Bc6 19. Bc2 Bb7 20. Rbc1 Qc8 21. Ne5 f6
22. Ng4 f5 23. Ne5 Bf6 24. Bf4 Bxe4 25. Bxe4 fxe4 26. h6 Bxe5
27. Bxe5 g6 28. Qxe4 Qb7 29. Qh4 Nc6 30. Bf6 Rd5 31. dxc5 bxc5
32. c4 Rd7 33. Qg5 Rf8 34. Re1 e5 35. Bxe5 Rf5 36. Qg3 Rd2
37. Bg7 Qd7 38. Rb1 Kf7 39. Qe3 Nb4 40. Re2 Rd3 41. Qe4 g5
42. Rbe1 Nc6 43. Qg4 Rd6 44. Re8 Kg6 45. Qe4 Nd4 46. Bxd4 Rxd4
47. Re6+ 1-0

[Event "European Individual Women's Championship"]
[Site "Gaziantep TUR"]
[Date "2012.03.11"]
[EventDate "2012.03.02"]
[Round "9"]
[Result "0-1"]
[White "Nino Batsiashvili"]
[Black "Antoaneta Stefanova"]
[WhiteElo "2438"]
[BlackElo "2531"]
[PlyCount "104"]

1. d4 d5 2. Nf3 Nf6 3. c4 c6 4. e3 a6 5. Bd2 g6 6. Nc3 Bg7
7. Bd3 O-O 8. O-O b5 9. b3 Bg4 10. h3 Bxf3 11. Qxf3 dxc4
12. bxc4 e5 13. cxb5 exd4 14. exd4 Qxd4 15. Rad1 axb5 16. Nxb5
Qd5 17. Qxd5 Nxd5 18. Nd6 Rxa2 19. Bc4 Ra4 20. Bg5 h6 21. Bxd5
hxg5 22. Bc4 Be5 23. Nxf7 Rxf7 24. Rd8+ Kg7 25. Bxf7 Kxf7
26. Re1 Bc7 27. Rc8 Na6 28. Rd1 Re4 29. g3 Re7 30. Rc1 c5
31. Ra8 Re6 32. Rc3 Rc6 33. Rf3+ Ke7 34. Rg8 Be5 35. Rff8 Nc7
36. Rf3 c4 37. Re3 Re6 38. Rb8 c3 39. Rb4 Nd5 40. Rb7+ Kd6
41. Re2 Bxg3 42. Rc2 Bf4 43. Kg2 Kc5 44. Kf3 Kc4 45. Ra2 Nb4
46. Ra4 Bd6 47. Rb6 c2 48. Ra1 Rf6+ 49. Ke2 Be5 50. Rxf6 Bxa1
51. Rf8 Kb3 52. Rc8 Bc3 0-1

[Event "European Individual Women's Championship"]
[Site "Gaziantep TUR"]
[Date "2012.03.12"]
[EventDate "2012.03.02"]
[Round "10"]
[Result "1-0"]
[White "Tatiana Kosintseva"]
[Black "Antoaneta Stefanova"]
[WhiteElo "2513"]
[BlackElo "2531"]
[PlyCount "75"]

1. e4 c6 2. d4 d5 3. e5 Bf5 4. Nf3 e6 5. Be2 Nd7 6. O-O Bg6
7. Nbd2 Nh6 8. Nb3 Nf5 9. a4 Be7 10. a5 O-O 11. g4 Nh4
12. Nxh4 Bxh4 13. f4 f5 14. g5 h6 15. gxh6 gxh6 16. Be3 Be7
17. Rf3 Kf7 18. Rh3 Rh8 19. c4 Qg8 20. Kh1 Qh7 21. cxd5 exd5
22. Nd2 a6 23. Nf3 Rab8 24. Qb3 Ke6 25. Bf2 Qf7 26. Rc1 Bh5
27. Rxh5 Qxh5 28. Ng5+ hxg5 29. Bxh5 Rxh5 30. fxg5 Bxg5
31. Rg1 Bf4 32. Rg6+ Kf7 33. Rg2 Nxe5 34. dxe5 Bxe5 35. Ba7
Rc8 36. Qxb7+ Rc7 37. Qxa6 f4 38. Qd3 1-0